| 000 | 01740nam0a2200409 4500 | ||
|---|---|---|---|
| 001 | RU\NLR\bibl\244568 | ||
| 005 | 20250619114754.0 | ||
| 021 |
_aRU _b2001-56853 _92766 |
||
| 035 | _a(NLR Aleph) 000240429 | ||
| 090 |
_a1401138 _c1401138 |
||
| 100 | _a20020320d2001 |||y0rusy50 ca | ||
| 101 | 0 | _arus | |
| 102 | _aRU | ||
| 105 | _aa ||||||||| | ||
| 200 | 1 |
_aЭлектронные блоки для многоканальных систем регистрации экспериментальных данных _fТ. В. Беспалова, Н. М. Лустов, Д. А. Смолин |
|
| 210 |
_aДубна _cОИЯИ _d2001 |
||
| 215 |
_a14 с., включая обл. _cил. _d22 |
||
| 225 | 1 |
_aСообщения Объединенного института ядерных исследований _vР10-2001-103 |
|
| 320 | _aБиблиогр.: с. 14 | ||
| 606 | 0 |
_aЯдерные исследования _xАппараты и приборы _9920142 _3RU\NLR\auth\6618217 |
|
| 606 | 0 |
_aЯдерные исследования _xАвтоматизация _91354587 _3RU\NLR\auth\66251532 |
|
| 610 | 0 | _aЭлементарные частицы (физ.) - Регистрация | |
| 610 | 0 | _aДетекторы ионизирующих излучений - Характеристики | |
| 675 |
_a539.1.074.3:621.38 _v3 _zrus |
||
| 686 |
_a29.15 _2rugasnti |
||
| 686 |
_a22.38 _2rubbk |
||
| 686 | _aВ38с21 | ||
| 700 | 1 |
_aБеспалова _bТ. В. _4070 |
|
| 701 | 1 |
_aЛустов _bН. М. _4070 |
|
| 701 | 1 |
_aСмолин _bД. А. _4070 |
|
| 801 | 0 |
_aRU _bRKP _c20020320 _gPSBO |
|
| 801 | 1 |
_aRU _bRKP _c20020320 |
|
| 801 | 2 |
_aRU _bNLR _c20020415 _grcr |
|
| 942 | _cBOOK | ||
| 980 | _aNB | ||
| 980 | _aNBR | ||